000 00905nam a2200253Ia 4500
003 OSt
005 20220923224036.0
006 a|||||r|||| 00| 0
007 ta
008 220922b |||||||| |||| 00| 0 hin d
024 _a224,408
037 _cTextual
040 _aARTS
_cARTS
_bhin
041 _2hin
_ahin
082 _aO152,1N247:g, N0
100 _aतिवारी, नित्यानन्द, संपा.
_9156505
245 0 _aरचनाकार रामदरश मिश्र
246 _aRachanākār rāmadarash mishra
260 _aनई दिल्ली
_b राधा पब्लिकेशन्स
_c1990
300 _a325पृ.
_ccm.
650 _aहिन्दी साहित्य
_9156264
942 _hO152,1N247:g, N0
_cTEXL
_2CC
999 _c368821
_d368821